| 000 | 00439nam a22001697a 4500 | ||
|---|---|---|---|
| 003 | NUST-PNEC | ||
| 005 | 20170116180737.0 | ||
| 008 | 141127b xxu||||| |||| 00| 0 eng d | ||
| 020 | _a- | ||
| 040 | _cPNEC | ||
| 082 | _a005.711 LAF | ||
| 100 |
_91063 _aLafore Robert |
||
| 245 |
_aTurbo C : programming for the PC and Turbo C++ _cRobert Lafore |
||
| 300 |
_axii, 792 p, : _bill, ; _c23 cm. |
||
| 690 | _xMIS, Computer | ||
| 942 |
_2ddc _cBK |
||
| 999 |
_c62019 _d62019 |
||